[Event "AUTO-INT-1347"]
[Site "http://www.queenalice.com/game.php?id=604760"]
[Date "2009.6.16"]
[Round "1"]
[White "maurojk"]
[Black "chess2009"]
[Result "0-1"]
[WhiteElo "1438"]
[BlackElo "1630"]

1. d4 d5 2. a4 Nc6 3. Ra3 e6 4. Nc3 a6 5. Nf3 f6 6. Bf4 Bxa3 7. bxa3 g5 8. Bg3
g4 9. Nh4 Bd7 10. Qd2 b5 11. axb5 axb5 12. Nxb5 e5 13. Qe3 Ra5 14. Bxe5 Nxe5 15.
dxe5 f5 16. Qc3 Rxb5 17. e3 Rb7 18. Ba6 Ra7 19. Bd3 Be6 20. Qc6+ Qd7 21. Qb6
cxb6 0-1

[Event "AUTO-INT-1347"]
[Site "http://www.queenalice.com/game.php?id=604773"]
[Date "2009.6.16"]
[Round "1"]
[White "jmsteinfeld"]
[Black "maurojk"]
[Result "1-0"]
[WhiteElo "1700"]
[BlackElo "1444"]

1. e4 e5 2. Nf3 Bd6 3. d4 Nc6 4. d5 Nd4 5. Nxd4 exd4 6. Qxd4 c5 7. Qxg7 Qa5+ 8.
Bd2 Qa4 9. Bd3 Bf4 10. Bxf4 Qb4+ 11. Bd2 Qxb2 12. Qxb2 f6 13. O-O Nh6 14. Bxh6
a5 15. Qxf6 Ra6 16. Qxh8+ 1-0

[Event "AUTO-INT-1347"]
[Site "http://www.queenalice.com/game.php?id=604774"]
[Date "2009.6.16"]
[Round "1"]
[White "maurojk"]
[Black "jmsteinfeld"]
[Result "0-1"]
[WhiteElo "1422"]
[BlackElo "1696"]

1. d4 d5 2. a4 Bf5 3. Ra3 e6 4. Rg3 Qd7 5. c3 Bxb1 6. Bg5 Bg6 7. Nf3 Bd6 8. Rg4
h6 9. Bh4 Ne7 10. b4 O-O 11. e3 Bf5 12. Rg3 Bxg3 13. hxg3 f6 14. Bb5 c6 15. Bd3
Bxd3 16. Qxd3 Nf5 17. b5 cxb5 18. axb5 a6 19. g4 Nd6 20. O-O axb5 21. Qe2 Ne4
22. Qd2 Nxd2 0-1

[Event "Challenge"]
[Site "http://www.queenalice.com/game.php?id=611067"]
[Date "2009.6.30"]
[Round "-"]
[White "maurojk"]
[Black "Pampuche"]
[Result "1-0"]
[WhiteElo "1417"]
[BlackElo "1371"]

1. e4 e5 2. Qf3 c6 3. Bc4 Nh6 4. d3 g6 5. Bxh6 Qa5+ 6. c3 Bxh6 7. Qxf7+ Kd8 8.
Nf3 Rf8 9. Qxh7 b5 10. Qxh6 bxc4 11. Qxf8+ Kc7 12. dxc4 Na6 13. Nh4 Bb7 14. Qg7
Qc5 15. Na3 Rf8 16. O-O g5 17. Ng6 Rc8 18. Nxe5 Qd6 19. Rad1 Qc5 20. Rxd7+ Kb8
21. Rxb7+ 1-0

[Event "Challenge"]
[Site "http://www.queenalice.com/game.php?id=614476"]
[Date "2009.7.7"]
[Round "-"]
[White "Pampuche"]
[Black "maurojk"]
[Result "0-1"]
[WhiteElo "1357"]
[BlackElo "1452"]

1. e3 d5 2. d4 e6 3. a4 a5 4. b3 Ra6 5. Ba3 Bxa3 6. Nxa3 Nf6 7. f3 O-O 8. g4 Qd6
9. c3 Qc6 10. Nb5 Bd7 11. Nh3 Ne8 12. Qc2 Nd6 13. Ng5 g6 14. h4 Qb6 15. h5 Nxb5
16. axb5 Bxb5 17. hxg6 fxg6 18. Rxh7 Rf6 19. Rh6 Kg7 20. Rh7+ Kg8 21. O-O-O a4
22. Kd2 Nd7 23. f4 Nf8 24. Rh6 Kg7 25. Rh4 axb3 26. Qb1 Qa5 27. Qxb3 Ba4 28. Qb1
Bxd1 29. Bxa6 Qxa6 30. Kxd1 Qf1+ 31. Kc2 Qf2+ 32. Kb3 Qxh4 33. Nf3 Qh3 34. g5
Rf5 35. Qd1 b6 36. Qe2 c5 37. Ne5 c4+ 38. Kb4 Rxe5 39. dxe5 Nd7 40. Qa2 Qxe3 41.
Qa7 Qxf4 42. Kb5 Qf7 43. Kc6 Nxe5+ 44. Kxb6 Nd7+ 45. Kc6 Ne5+ 46. Kb6 Qxa7+ 47.
Kxa7 Nf3 48. Kb6 Nxg5 49. Kc5 Nf3 50. Kd6 g5 51. Kxe6 g4 52. Kxd5 g3 53. Kxc4 g2
54. Kb5 g1=Q 55. c4 Qb1+ 56. Kc6 Ne5+ 57. Kd5 Nd7 58. Kd6 Qd1+ 59. Kc6 Ne5+ 60.
Kc5 Qd3 0-1

[Event "Challenge"]
[Site "http://www.queenalice.com/game.php?id=634166"]
[Date "2009.8.10"]
[Round "-"]
[White "Pampuche"]
[Black "maurojk"]
[Result "0-1"]
[WhiteElo "1345"]
[BlackElo "1464"]

1. e4 e5 2. g3 Bc5 3. Nf3 Nf6 4. Bg2 Ng4 5. d3 Nxf2 6. Qe2 Nxh1 7. Bxh1 d6 8. c4
Bg4 9. Bg5 Bxf3 10. Qxf3 Qxg5 11. h4 Qf6 12. Qd1 Qf2# 0-1

[Event "Challenge"]
[Site "http://www.queenalice.com/game.php?id=634803"]
[Date "2009.8.12"]
[Round "-"]
[White "Pampuche"]
[Black "maurojk"]
[Result "1-0"]
[WhiteElo "1336"]
[BlackElo "1493"]

1. e4 e5 2. d3 Bc5 3. Be3 Bxe3 4. fxe3 Nh6 5. Qf3 d6 6. Qg3 Qf6 7. h4 Bg4 8. Nd2
Nc6 9. c3 O-O-O 10. Be2 Bxe2 11. Nxe2 Rhg8 12. b4 g5 13. a4 gxh4 14. Qh3+ Ng4
15. O-O-O Qf2 16. Rde1 Rd7 17. Rhf1 Qxe3 18. Rf3 Qg5 19. b5 Na5 20. Kc2 Qg6 21.
c4 Qe6 22. Qxh4 Nf6 23. Rxf6 Qe7 24. Ref1 Rxg2 25. Qxh7 Rxe2 26. Rxf7 Qxf7 27.
Rxf7 Rxf7 28. Qxf7 b6 29. Kd1 Re3 30. Nf3 Rxd3+ 31. Ke2 Ra3 32. Ng5 Nxc4 33. Ne6
Re3+ 34. Kf2 Kb7 35. Qxc7+ Ka8 36. Qc8# 1-0

[Event "AUTO-INT-1411"]
[Site "http://www.queenalice.com/game.php?id=634806"]
[Date "2009.8.12"]
[Round "1"]
[White "maurojk"]
[Black "Jomaley"]
[Result "1-0"]
[WhiteElo "1466"]
[BlackElo "1420"]

1. e4 e5 2. c3 Bc5 3. d4 exd4 4. cxd4 Bb4+ 5. Bd2 Bxd2+ 6. Qxd2 c6 7. Nf3 f6 8.
Bc4 Ne7 9. Nh4 d6 10. O-O b5 11. Bb3 Na6 12. Rd1 g5 13. Nf5 1-0

[Event "AUTO-INT-1411"]
[Site "http://www.queenalice.com/game.php?id=634807"]
[Date "2009.8.12"]
[Round "1"]
[White "Jomaley"]
[Black "maurojk"]
[Result "0-1"]
[WhiteElo "1406"]
[BlackElo "1480"]

1. e4 e5 2. Bc4 c6 3. Nc3 d5 4. exd5 cxd5 5. Bb5+ Bd7 6. Bxd7+ Qxd7 7. Nf3 f6 8.
O-O Ne7 9. d4 Nec6 10. dxe5 fxe5 11. a3 e4 12. Ng5 Be7 0-1

[Event "AUTO-INT-1411"]
[Site "http://www.queenalice.com/game.php?id=634808"]
[Date "2009.8.12"]
[Round "1"]
[White "maurojk"]
[Black "vult0"]
[Result "0-1"]
[WhiteElo "1473"]
[BlackElo "1717"]

1. e4 e5 2. d3 d6 3. Nf3 Bg4 4. h3 Bh5 5. g4 Bg6 6. h4 f6 7. g5 f5 8. exf5 Bxf5
9. h5 Nc6 10. Bh3 Qd7 11. Nh4 Bxh3 12. g6 h6 13. Qf3 Be6 14. Nc3 O-O-O 15. Be3
Nb4 16. Kd1 Bg4 17. Qxg4 Qxg4+ 18. f3 Qe6 19. Ke2 Nxc2 20. Rag1 Nxe3 21. Kxe3 d5
22. b4 d4+ 23. Kd2 dxc3+ 24. Kc2 Bxb4 25. Rg4 Qxa2+ 26. Kd1 Qd2# 0-1

[Event "AUTO-INT-1411"]
[Site "http://www.queenalice.com/game.php?id=634810"]
[Date "2009.8.12"]
[Round "1"]
[White "maurojk"]
[Black "tinogomes"]
[Result "1-0"]
[WhiteElo "1455"]
[BlackElo "1543"]

1. e4 g6 2. d4 Bh6 3. Bxh6 Nxh6 4. f3 c6 5. c3 d5 6. Bd3 f6 7. Nd2 dxe4 8. fxe4
Bg4 9. Ngf3 Nd7 10. Qb3 Qc7 11. O-O-O Bxf3 12. gxf3 O-O-O 13. Rhf1 Qxh2 14. f4
Ng4 15. f5 Nf2 16. Be2 Nxd1 17. Bxd1 Nc5 18. Qc4 Qh3 19. Rf3 Qg2 20. Qxc5 Rd7
21. Qxa7 Kc7 22. Qa5+ Kd6 23. Nc4# 1-0

[Event "AUTO-INT-1411"]
[Site "http://www.queenalice.com/game.php?id=634811"]
[Date "2009.8.12"]
[Round "1"]
[White "tinogomes"]
[Black "maurojk"]
[Result "1-0"]
[WhiteElo "1529"]
[BlackElo "1469"]

1. e4 e5 2. Bc4 Qf6 3. Qf3 Qxf3 4. Nxf3 Nf6 5. Nxe5 Nxe4 6. Bxf7+ Ke7 7. f3 Ng5
8. Bb3 d6 9. d4 dxe5 10. Bxg5+ Ke8 11. dxe5 Nc6 12. O-O Nxe5 13. Re1 Bd6 14. Nd2
Rf8 15. f4 Rf5 16. Ne4 Be7 17. fxe5 Bxg5 18. Nxg5 Rxg5 19. e6 a5 20. Bc4 Bd7 21.
exd7+ Kxd7 22. Rad1+ Kc8 23. Re8# 1-0

[Event "AUTO-OPEN-1655"]
[Site "http://www.queenalice.com/game.php?id=634977"]
[Date "2009.8.12"]
[Round "1"]
[White "Ben_Gurion"]
[Black "maurojk"]
[Result "1-0"]
[WhiteElo "1857"]
[BlackElo "1475"]

1. e4 e5 2. Nf3 f6 3. d4 d6 4. dxe5 fxe5 5. Bc4 Nf6 6. Ng5 d5 7. exd5 Be7 8. O-O
Bd6 9. Nc3 Ng4 10. Qf3 Nxh2 11. Qf7# 1-0

[Event "AUTO-OPEN-1655"]
[Site "http://www.queenalice.com/game.php?id=634978"]
[Date "2009.8.12"]
[Round "1"]
[White "maurojk"]
[Black "Ben_Gurion"]
[Result "0-1"]
[WhiteElo "1465"]
[BlackElo "1887"]

1. e4 e6 2. d4 d5 3. f3 Nf6 4. Bd3 Nc6 5. Be3 dxe4 6. fxe4 Nxd4 7. Bxd4 c6 8.
Nf3 Be7 9. Nc3 O-O 10. Qe2 c5 11. Bxf6 Bxf6 12. Qf2 Qa5 13. O-O e5 14. Nd5 Bd8
15. Nxe5 Be6 16. Nc4 Qb5 17. Nd6 Qxb2 18. Qxc5 Bxd5 19. Qxd5 Bb6+ 20. Kh1 Rad8
21. Rad1 Bc7 22. Nxf7 Rxd5 23. exd5 Rxf7 24. Rxf7 Kxf7 25. Bxh7 Qxa2 26. h3 Qa3
27. Rf1+ Ke7 28. Rf3 Qc1+ 0-1

[Event "AUTO-OPEN-1655"]
[Site "http://www.queenalice.com/game.php?id=634997"]
[Date "2009.8.12"]
[Round "1"]
[White "vinicius_rossitto"]
[Black "maurojk"]
[Result "1-0"]
[WhiteElo "2247"]
[BlackElo "1467"]

1. g3 e5 2. Bg2 c6 3. Nf3 f6 4. O-O d5 5. d4 Bd6 6. dxe5 fxe5 7. e4 Nf6 8. exd5
cxd5 9. c4 Bf5 10. Bg5 h6 11. Nh4 Bxb1 12. Bxf6 gxf6 13. Rxb1 dxc4 14. Bxb7 Nd7
15. Qh5+ Kf8 16. Bxa8 Qxa8 17. Ng6+ Kg7 18. Nxh8 Qxh8 19. Qg4+ Kh7 20. Qxd7+ Qg7
21. Qxd6 a6 22. Rfd1 a5 23. Qe6 a4 24. Qf5+ Kg8 25. Rd8+ Kf7 26. Rbd1 Qg5 27.
R1d7# 1-0

[Event "AUTO-OPEN-1655"]
[Site "http://www.queenalice.com/game.php?id=634998"]
[Date "2009.8.12"]
[Round "1"]
[White "maurojk"]
[Black "vinicius_rossitto"]
[Result "0-1"]
[WhiteElo "1463"]
[BlackElo "2285"]

1. e4 c5 2. c3 Nf6 3. f3 Nc6 4. d4 cxd4 5. cxd4 e6 6. Be3 Be7 7. Nc3 d5 8. Qa4
dxe4 9. fxe4 Ng4 10. Bf4 Qxd4 11. Qxd4 Nxd4 12. Bb5+ Nxb5 13. Nxb5 O-O 14. O-O-O
Nf2 15. Nf3 Nxh1 16. Rxh1 Bd7 17. Nfd4 Rac8+ 18. Nc7 Bd8 19. Rd1 Bxc7 20. Bxc7
Rxc7+ 21. Nc2 Rfc8 22. Rd2 Bc6 23. b3 Bxe4 24. Kd1 Rxc2 25. Re2 Rxe2 26. Kxe2
Rc2+ 27. Ke3 Bxg2 28. Kf4 Rxa2 29. Kg3 Bd5 30. h4 a5 31. Kg4 Bxb3 32. h5 a4 33.
Kg5 Rc2 0-1

[Event "AUTO-OPEN-1655"]
[Site "http://www.queenalice.com/game.php?id=635007"]
[Date "2009.8.12"]
[Round "1"]
[White "aormic"]
[Black "maurojk"]
[Result "1-0"]
[WhiteElo "2047"]
[BlackElo "1471"]

1. e4 e5 2. Nf3 f6 3. Nxe5 fxe5 4. Qh5+ g6 5. Qxe5+ Qe7 6. Qxh8 Qg7 7. Qxg7 Bxg7
8. Bc4 Nf6 9. O-O Nxe4 10. Re1 d5 11. Bxd5 Bf5 12. Bxe4 Bxe4 13. Rxe4+ Kf8 14.
d4 Nc6 15. c3 Re8 16. Rxe8+ Kxe8 17. Bf4 Kd8 18. Na3 a6 19. Nc4 b5 20. Ne5 Nxe5
21. Bxe5 Bxe5 22. dxe5 h5 23. f4 Ke7 24. Kf2 Ke6 25. Ke3 c5 26. Rd1 b4 27. cxb4
cxb4 28. Rd6+ Kf5 29. Kf3 1-0

[Event "AUTO-OPEN-1655"]
[Site "http://www.queenalice.com/game.php?id=635008"]
[Date "2009.8.12"]
[Round "1"]
[White "maurojk"]
[Black "aormic"]
[Result "0-1"]
[WhiteElo "1461"]
[BlackElo "1976"]

1. e4 e6 2. d4 d5 3. f3 dxe4 4. fxe4 Qh4+ 5. g3 Qxe4+ 6. Qe2 Qxe2+ 7. Bxe2 Nf6
8. Nc3 Bb4 9. Nf3 O-O 10. Bg5 Ne4 11. O-O Nxc3 12. bxc3 Bxc3 13. Rad1 Nc6 14.
Nh4 Bxd4+ 15. Rxd4 Nxd4 16. Bd3 Bd7 17. Bf4 c5 18. Rb1 b6 19. Be4 Bc6 20. Bxc6
Nxc6 21. Bd6 Rfd8 22. Bc7 Rd2 23. Rc1 Nd4 24. c3 Ne2+ 0-1

[Event "Challenge"]
[Site "http://www.queenalice.com/game.php?id=640946"]
[Date "2009.8.23"]
[Round "-"]
[White "maurojk"]
[Black "crazybrian"]
[Result "1-0"]
[WhiteElo "1459"]
[BlackElo "1228"]

1. e4 e5 2. c3 d6 3. d4 Nd7 4. Qa4 c6 5. Bc4 b5 6. Qb3 bxc4 7. Qxc4 Qc7 8. Nf3
h6 9. Nbd2 Ngf6 10. O-O a5 11. b4 Ba6 12. Qb3 Bxf1 13. Nxf1 1-0

[Event "Challenge"]
[Site "http://www.queenalice.com/game.php?id=651096"]
[Date "2009.9.12"]
[Round "-"]
[White "Pampuche"]
[Black "maurojk"]
[Result "0-1"]
[WhiteElo "1318"]
[BlackElo "1469"]

1. d4 d5 2. f4 f6 3. g3 e5 4. dxe5 fxe5 5. e3 exf4 6. exf4 Nh6 7. Be2 Qe7 8. Be3
Qxe3 9. c3 Ng4 10. Nf3 Nf2 11. Qd2 Nd3+ 12. Qxd3 Bc5 13. b4 Qf2+ 14. Kd2 Be3+
15. Qxe3+ Qxe3+ 16. Kxe3 O-O 17. Kf2 Bg4 18. Bd3 Nd7 19. Ng5 Nf6 20. h3 Bd7 21.
h4 h6 22. Nf3 Rae8 23. Nbd2 Re7 24. Nb3 Rfe8 25. Rhe1 Bg4 26. Nfd4 Ne4+ 27. Kg2
Nxc3 28. Bg6 Rxe1 29. Bxe8 Rxe8 30. Rc1 Re2+ 31. Nxe2 Nxe2 32. Rxc7 d4 33. Re7
d3 34. Re8+ Kf7 35. Re5 Nd4 36. Nxd4 d2 37. b5 d1=Q 38. Re2 Bxe2 39. Nxe2 Qxe2+
40. Kh3 Qxa2 0-1